000 00348nam a2200145Ia 4500
100 _aAho/ Hopcroft/Ullman
942 _cBK
654 _acomputer algorithems.
245 _aDesign & analysis of computer algorithems.
260 _bADDISON WESLEY
_aReading
_c1974
082 _a5.1
_baho/hop/l
300 _a470
546 _aENGLISH
999 _c22065
_d22065